1482 1579 1354 1283 1217 1584 1703 1417 1102 1057 1745 1338 1524 1814 1616 1947 1733 1984 1474 1703 1977 1608 1272 1766 1568 1206 1805 1020 1228 1833 1885 1942 1306 1706 1193 1472 1696 1850 1104 1343 1439 1986 1094 1573 1840 1166 1186 1342 1033 1272 1457 1396 1824 1119 1862 1602 1012 1546 1592 1430 1525 1156 1705 1202 1547 1965 1218 1155 1607 1972 1738 1771 1159 1858 1435 1183 1885 1671 1839 1327 1348 1389 1652 1609 1820 1728 1152 1309 1815 1063 1455 1209 1587 1929 1754 1811 1546 1668 1744 BCNSPRNW ULIB Ver.6.0+V

เปลี่ยนเป็นภาษาไทย

Change to English
 แสดงรายละเอียดบรรณานุกรม
  กลับหน้าหลัก

Brief Record : Get Marc (ISO 2709) : E-mail record : QR code < ปิดหน้าต่าง
LEADER : 00000nam 2200000uu 4500
001    13399108062
003     ULIB
008    110216s2543||||th 000 0 tha d
020    9746057642
060 04 WY159^bม189ก 2543
100 0  มยุรี นภาพรรณสกุล
245 10 การพยาบาลเด็กที่มีความผิดปกติด้านโภชนาการ /^cมยุรี นภาพรรณสกุล
250    พิมพ์ครั้งที่ 1
260    สงขลา :^bภาควิชาการพยาบาลกุมารเวชศาสตร์ คณะพยาบาลศาสตร์มหาวิทยาลัยสงขลานครินทร์,^c2543
300    ก-ซ, 157 หน้า ;^c25 ซม.
650  7 การพยาบาลกุมารเวชศาสตร์
650  7 โภชนาการเด็ก
650  7 โภชนาการผิดปกติ
710 2  มหาวิทยาลัยสงขลานครินทร์. ^bคณะพยาบาลศาสตร์.^bภาควิชาการพยาบาลกุมารเวชศาสตร์
945    ^p160^l0^i014727
945    ^p160^l0^i014726
945    ^p160^l0^i014725
995    เกษร
999 ^a ใช้งานได้ทุกระบบ
รายการนี้ยังไม่มีแท็ก
คุณยังไม่ได้ล็อกอิน คุณสามารถมีกิจกรรมร่วมกับเว็บไซต์ได้ แต่ต้องล็อกอินก่อน ::
  ล็อกอิน

รายการสื่อสารสนเทศ

ลำดับที่ ประเภท เลขเรียก/บาร์โค้ด สถานที่ สถานะ
- ไม่พบข้อมูล -

รายการใกล้เคียง
    ผู้แต่ง [มยุรี นภาพรรณสกุล]

    หัวเรื่อง [การพยาบาลกุมารเวชศาสตร์]
    หัวเรื่อง [โภชนาการเด็ก]
    หัวเรื่อง [โภชนาการผิดปกติ]

BibComment


ยังไม่เคยถูกคอมเมนท์

คอมเมนท์ทรัพยากรรายการนี้
  คอมเมนท์: การพยาบาลเด็กที่ม..


 Copyright 2026. Bcnsprnw @Library